00622nam a22002057a 450000500170000000800410001702000180005804000210007604100080009708200170010524500820012225000160020426000340022030000100025465000350026470000250029970000320032470000340035670000260039020240227111636.0240227b ||||| |||| 00| 0 eng d a9789385439605 aIN-DiNCcIN-DiNC dasm a320.954bCON aConstitutional Government and Democracy in India/cby Pankaj Bora and others. a1st NEP ed. aJorhat:bBidya bhawan,c2024. a321p. aIndian government and politics aBora, Pankajeauthor aRoy, Gautam Chandraeauthor aBaro, Aniruddha Kumareauthor aGhose, Pallabeauthor